[Event "IECC O email"]
[Site "IECC email"]
[Date "2001.12.03"]
[Round "?"]
[White "Walter, Michael"]
[Black "Soltero, Fred"]
[Result "0-1"]
[WhiteElo "1239"]
[BlackElo "1256"]
[PlyCount "38"]
[EventDate "2001.??.??"]
[EventType "tourn (corr)"]
[EventRounds "6"]
[SourceTitle "Corr 2008"]
[Source "ChessBase"]
[SourceDate "2008.06.24"]
[SourceVersion "1"]
[SourceVersionDate "2008.06.24"]
[SourceQuality "1"]

1. e4 e5 2. Nc3 c5 3. Nd5 Nc6 4. c4 Nge7 5. Nf3 d6 6. Ng5 Nxd5 7. cxd5 Nd4 8. Qa4+ Bd7 9. Qa3 Nc2+ 10. Kd1 Nxa3 11. bxa3 Qxg5 12. Rb1 b6 13. d3 Qd8 14. h4 b5 15. g3 Qa5 16. Rb3 Qa4 17. f4 exf4 18. Bxf4 Qd4 19. Bg2 Qf2 0-1

[Event "IECC O email"]
[Site "IECC email"]
[Date "2001.11.13"]
[Round "?"]
[White "Soltero, Fred"]
[Black "Wey, Geoffrey"]
[Result "0-1"]
[WhiteElo "1272"]
[BlackElo "1340"]
[PlyCount "130"]
[EventDate "2001.??.??"]
[EventType "tourn (corr)"]
[EventRounds "6"]
[SourceTitle "Corr 2008"]
[Source "ChessBase"]
[SourceDate "2008.06.24"]
[SourceVersion "1"]
[SourceVersionDate "2008.06.24"]
[SourceQuality "1"]

1. e4 e6 2. d4 d5 3. e5 c5 4. c3 Nc6 5. Nf3 Bd7 6. Be3 cxd4 7. Bxd4 Nh6 8. Be2 Nf5 9. 0-0 Ncxd4 10. cxd4 Qb6 11. b3 Rc8 12. a3 Be7 13. b4 0-0 14. Ra2 Bb5 15. Bxb5 Qxb5 16. Qb3 Bd8 17. Nc3 Qd7 18. Na4 Rc4 19. Nc5 Qb5 20. a4 Qxb4 21. Qxb4 Rxb4 22. Rd1 Bb6 23. Nd7 Rc8 24. Nxb6 Rxb6 25. g4 Ne7 26. Ra3 Rb2 27. Ne1 Rc4 28. h3 Nc6 29. Nf3 Rbb4 30. a5 Ra4 31. Rda1 Rc1+ 32. Rxc1 Rxa3 33. a6 Rxa6 34. Rb1 Nd8 35. Rc1 Rc6 36. Ra1 a6 37. Nd2 Rc8 38. Kg2 Ra8 39. Nb3 b6 40. Kf3 Kf8 41. Ke3 Ke7 42. Rc1 Kd7 43. Kd3 Nb7 44. Rc3 a5 45. Kc2 Rc8 46. Rxc8 Kxc8 47. Kb2 Kc7 48. Nd2 b5 49. Nf3 h6 50. h4 Kb6 51. Kb3 Nd8 52. h5 Nc6 53. Kc3 b4+ 54. Kd3 a4 55. Nd2 Kb5 56. f4 a3 57. Nb3 Na5 58. Kc2 Nxb3 59. Kxb3 a2 60. Kxa2 Kc4 61. f5 Kxd4 62. f6 gxf6 63. exf6 Ke5 64. g5 hxg5 65. h6 Kxf6 0-1

[Event "IECC M email"]
[Site "IECC email"]
[Date "2001.06.05"]
[Round "?"]
[White "Soltero, Fred"]
[Black "Costantini, Mike"]
[Result "0-1"]
[WhiteElo "1289"]
[BlackElo "1267"]
[PlyCount "100"]
[EventDate "2001.??.??"]
[EventType "tourn (corr)"]
[EventRounds "6"]
[SourceTitle "Corr 2008"]
[Source "ChessBase"]
[SourceDate "2008.06.24"]
[SourceVersion "1"]
[SourceVersionDate "2008.06.24"]
[SourceQuality "1"]

1. Nf3 d5 2. d4 Nf6 3. Nc3 Bf5 4. Bf4 e6 5. e3 Ne4 6. Nxe4 Bxe4 7. Ne5 Qf6 8. Bb5+ c6 9. Be2 Bxg2 10. Rg1 Be4 11. f3 Bg6 12. Bg5 Qf5 13. Bd3 Qh3 14. Bxg6 hxg6 15. Bf4 Nd7 16. Ng4 Nf6 17. Nxf6+ gxf6 18. Qe2 g5 19. Bg3 Bg7 20. 0-0-0 0-0-0 21. Rh1 f5 22. f4 g4 23. c4 dxc4 24. Qxc4 Qg2 25. Rhe1 Rd5 26. Rd2 Qe4 27. Qd3 Ra5 28. Qxe4 fxe4 29. b4 Ra4 30. Rb2 Bf8 31. Kc2 Rxb4 32. Reb1 a5 33. Rxb4 axb4 34. Kd2 f5 35. Rc1 Bd6 36. Ke2 Kd7 37. Kf1 Ra8 38. Rc2 Ra3 39. Ke2 b3 40. axb3 Rxb3 41. Be1 b6 42. Ra2 c5 43. Rd2 c4 44. Rc2 b5 45. Bd2 Rb1 46. Rc1 Rb2 47. Kd1 Ba3 48. Rc3 Bb4 49. Rc2 Rxc2 50. Kxc2 Bxd2 0-1

[Event "IECC M email"]
[Site "IECC email"]
[Date "2001.05.10"]
[Round "?"]
[White "Soltero, Fred"]
[Black "Tan, Jacinto"]
[Result "1-0"]
[WhiteElo "1276"]
[BlackElo "1222"]
[PlyCount "31"]
[EventDate "2001.??.??"]
[EventType "tourn (corr)"]
[EventRounds "6"]
[SourceTitle "Corr 2008"]
[Source "ChessBase"]
[SourceDate "2008.06.24"]
[SourceVersion "1"]
[SourceVersionDate "2008.06.24"]
[SourceQuality "1"]

1. e4 e5 2. c4 Nf6 3. Nc3 Bc5 4. Nf3 d6 5. d4 exd4 6. Nxd4 0-0 7. Be2 Re8 8. Qd3 c6 9. 0-0 d5 10. Nb3 Nxe4 11. Nxe4 dxe4 12. Qxd8 Rxd8 13. Nxc5 Nd7 14. Rd1 f5 15. Ne6 Re8 16. Nc7 1-0

[Event "IECC M email"]
[Site "IECC email"]
[Date "2001.05.10"]
[Round "?"]
[White "Tan, Jacinto"]
[Black "Soltero, Fred"]
[Result "0-1"]
[WhiteElo "1237"]
[BlackElo "1261"]
[PlyCount "44"]
[EventDate "2001.??.??"]
[EventType "tourn (corr)"]
[EventRounds "6"]
[SourceTitle "Corr 2008"]
[Source "ChessBase"]
[SourceDate "2008.06.24"]
[SourceVersion "1"]
[SourceVersionDate "2008.06.24"]
[SourceQuality "1"]

1. d4 e6 2. e4 Ne7 3. Nc3 d5 4. e5 Nf5 5. Nf3 c5 6. Bd3 Nxd4 7. Nxd4 cxd4 8. Bb5+ Bd7 9. Qxd4 Bxb5 10. Nxb5 Qa5+ 11. Nc3 Nc6 12. Qf4 d4 13. Bd2 dxc3 14. Bxc3 Bb4 15. 0-0 Bxc3 16. bxc3 Qxc3 17. Rfd1 Nxe5 18. Rab1 Ng6 19. Qa4+ Qc6 20. Qb4 a5 21. Qa3 Nf4 22. Qg3 Ne2+ 0-1

[Event "IECC CL6-2000.27"]
[Site "IECC email"]
[Date "2000.08.14"]
[Round "?"]
[White "Soltero, Fred"]
[Black "Agnew, George Hartwell"]
[Result "1-0"]
[WhiteElo "1273"]
[BlackElo "1304"]
[PlyCount "103"]
[EventDate "2000.??.??"]
[EventType "tourn (corr)"]
[EventRounds "4"]
[SourceTitle "Corr 2008"]
[Source "ChessBase"]
[SourceDate "2008.06.24"]
[SourceVersion "1"]
[SourceVersionDate "2008.06.24"]
[SourceQuality "1"]

1. e4 e5 2. Nf3 Nc6 3. c4 Bc5 4. Be2 Nf6 5. d3 d6 6. h3 0-0 7. Nc3 h6 8. a3 Nd4 9. Nxd4 Bxd4 10. Nb5 Bb6 11. 0-0 a6 12. Nc3 Bd4 13. Bd2 Bd7 14. Qc2 b5 15. Bf3 Bxc3 16. Bxc3 c5 17. Rfe1 Be6 18. b3 Qb6 19. Bd2 a5 20. Be3 a4 21. Reb1 axb3 22. Rxb3 b4 23. Rxb4 Qc7 24. Rb2 Bd7 25. a4 Ra7 26. Bd2 Rfa8 27. Rba2 Qc8 28. a5 Bxh3 29. gxh3 Qxh3 30. Qd1 g5 31. Be1 Kg7 32. Bg2 Qd7 33. f3 Nh5 34. Bf1 Nf4 35. Rh2 Rh8 36. Bg3 Qd8 37. Bxf4 exf4 38. Qd2 Qf6 39. Ra2 Rha8 40. Qe1 Qd8 41. Rag2 Rxa5 42. Qh4 Qf6 43. Qh3 Rh8 44. Kh1 Ra1 45. Rg1 Qd4 46. Rxg5+ Kf8 47. Rd5 Qf6 48. Rf2 Ke7 49. Rf5 Qd4 50. Qh4+ Ke8 51. Rd5 Qg7 52. Qxf4 1-0